Legislación de aguas

Guardat en:
Dades bibliogràfiques
Autors principals: Reverte Navarro, Antonio (autor), Pérez Pérez, Emilio (Autor)
Format: Llibre
Idioma:espanyol
Publicat: Madrid Tecnos 1989
Edició:3a. ed
Col·lecció:Biblioteca de Textos Legales
Matèries:
Etiquetes: Afegir etiqueta
Sense etiquetes, Sigues el primer a etiquetar aquest registre!

MARC

LEADER 00000nam a2200000 a 4500
001 UCU9380
003 CL-VaPUC
008 960816e19890000SP |||||||||||||||||spa|d
082 0 4 |a 346.046  |b REV  |2 21 
100 |a Reverte Navarro, Antonio  |e autor  |9 368429 
700 0 |a Pérez Pérez, Emilio  |e author  |9 368430 
245 1 0 |a Legislación de aguas 
250 |a 3a. ed 
300 |a 398 p 
942 |c BK 
945 |d 19960816 00:00:00  |a rbrito 
260 |a Madrid  |b Tecnos  |c 1989 
650 7 |a LEGISLACION  |2 CL-VaPUC  |9 368431 
650 0 |a Administración  |9 259325 
650 0 |a Aprovechamiento de aguas  |9 368432 
650 0 |a Aguas continentales  |9 357409 
650 0 |a Agua  |9 257149 
583 |a last modification  |c 19960816 00:00:00  |k Rodrigo Vera 
490 0 |a Biblioteca de Textos Legales 
999 |c 251137  |d 251135 
952 |0 0  |1 0  |4 0  |6 346_046000000000000_REV_1989  |7 0  |8 A  |9 270114  |a BIBDER  |b BIBDER  |d 2019-11-19  |i 322001K  |o 346.046 REV 1989  |p 322001K  |r 2023-01-25  |w 2019-11-19  |y BK  |k DER